000 00360nam a22001457a 4500
020 _a81-7301-619-4
082 _a823
_bPRA/W
100 _aPRAKASH, VED
245 _aWHT TEASE
_bCHARACTER - BUILDING STORIES FOR CHILDREN
260 _aDELHI
_bDREAMLAND
300 _a24
520 _aENGLISH SHORT STORIES
650 _aENGLISH SHORT STORIES
_zUK
942 _cBK
999 _c5076
_d5076